[Event "Hillerod Byturnering 2017 Mesterklasse"]
[Site "Hillerod"]
[Date "????.??.??"]
[Round "1"]
[White "Christophersen, David"]
[Black "Andersen, Daniel"]
[Result "1/2-1/2"]
[WhiteElo "1778"]
[BlackElo "1880"]
[PlyCount "119"]
[EventType "tourn"]
[EventRounds "7"]
[EventCountry "DEN"]

1. c4 Nf6 2. g3 g6 3. Bg2 Bg7 4. d3 d5 5. cxd5 Nxd5 6. Qb3 Nb6 7. Bd2 O-O 8.
Bc3 e5 9. Nf3 Nc6 10. O-O Nd4 11. Nxd4 exd4 12. Ba5 Re8 13. Re1 Be6 14. Qc2 c6
15. Nd2 Bd5 16. Bxb6 axb6 17. Bxd5 Qxd5 18. Qc4 Qd7 19. a3 b5 20. Qb3 Kh8 21.
Ne4 f5 22. Ng5 Re7 23. f4 h6 24. Nf3 Ra4 25. Rac1 Qe6 26. Qxe6 Rxe6 27. Rc2 Bf6
28. h4 Kg7 29. Kf2 Re8 30. Nd2 Rea8 31. Nb3 Be7 32. e4 dxe3+ 33. Rxe3 Bf6 34.
Nc5 R4a7 35. Kf3 Kf7 36. Rce2 b6 37. Nb3 Rd8 38. Rc2 c5 39. Ke2 Ra4 40. Nd2 Bd4
41. Rf3 b4 42. Nc4 bxa3 43. Nxa3 Rb4 44. Nc4 Rd5 45. Ne3 Rd7 46. Nc4 Re7+ 47.
Kd1 b5 48. Nd6+ Ke6 49. Nc8 Rc7 50. Re2+ Kd7 51. Ne7 Rxb2 52. Nxg6 Rxe2 53.
Kxe2 b4 54. Ne5+ Kd6 55. Nc4+ Kd5 56. Rf1 b3 57. Rb1 b2 58. Ne3+ Bxe3 59. Kxe3
h5 60. Rxb2 1/2-1/2

[Event "Hillerod Byturnering 2017 Mesterklasse"]
[Site "Hillerod"]
[Date "????.??.??"]
[Round "1"]
[White "Nielsen, Kai Gylling"]
[Black "Kuhn, Morten"]
[Result "1/2-1/2"]
[WhiteElo "1815"]
[BlackElo "1861"]
[PlyCount "143"]
[EventType "tourn"]
[EventRounds "7"]
[EventCountry "DEN"]

1. e4 g6 2. Nf3 Bg7 3. d4 c5 4. c3 cxd4 5. cxd4 d5 6. exd5 Qxd5 7. Nc3 Qd8 8.
Be3 Nf6 9. h3 a6 10. Bd3 O-O 11. O-O b5 12. Ne4 Nd5 13. Nc5 Nd7 14. Rc1 N7f6
15. Qd2 Nxe3 16. fxe3 Nd5 17. e4 Nb6 18. e5 Nd5 19. Be4 Ra7 20. a3 h6 21. Kh1
e6 22. Rf2 a5 23. Rcf1 Nb6 24. Bd3 Bd7 25. Ne4 Bc6 26. Nd6 b4 27. axb4 axb4 28.
Qxb4 Nd5 29. Qd2 Ne7 30. Nh2 Nf5 31. Nxf5 exf5 32. Qf4 Rd7 33. Qg3 Rxd4 34.
Bxf5 gxf5 35. Rxf5 Be4 36. Ng4 Qb6 37. R5f4 Bg6 38. Qe3 Rb4 39. Qxb6 Rxb6 40.
b4 Rfb8 41. Nf6+ Bxf6 42. exf6 Rxb4 43. R4f2 Rb1 44. Kh2 Rxf1 45. Rxf1 Rb6 46.
Rf4 Rb5 47. h4 Rf5 48. Rg4 Kh7 49. Rd4 Rxf6 50. Kg3 Kg7 51. Rg4 h5 52. Rd4 Bf5
53. Kh2 Re6 54. Rf4 Kg6 55. Rb4 Re4 56. Rb6+ Be6 57. g3 Kf5 58. Rb8 f6 59. Rh8
Re2+ 60. Kg1 Kg6 61. Re8 Bg4 62. Rd8 Kf5 63. Rf8 Ke5 64. Kf1 f5 65. Re8+ Kd4
66. Rxe2 Bxe2+ 67. Kxe2 Ke4 68. Kf2 f4 69. Kg2 fxg3 70. Kxg3 Ke3 71. Kg2 Kf4
72. Kh3 1/2-1/2

[Event "Hillerod Byturnering 2017 Mesterklasse"]
[Site "Hillerod"]
[Date "????.??.??"]
[Round "1"]
[White "Ramkilde, Mikael"]
[Black "Steenstrup, Svend"]
[Result "1-0"]
[WhiteElo "1970"]
[BlackElo "1900"]
[PlyCount "89"]
[EventType "tourn"]
[EventRounds "7"]
[EventCountry "DEN"]

1. e4 c5 2. Nf3 d6 3. d4 cxd4 4. Nxd4 Nf6 5. Nc3 g6 6. Be3 Bg7 7. f3 Nc6 8. Qd2
O-O 9. Bc4 Bd7 10. O-O-O Rb8 11. Bb3 Na5 12. h4 b5 13. Bh6 Nxb3+ 14. Nxb3 b4
15. Nd5 Nxd5 16. exd5 Bf5 17. g4 Bd7 18. h5 Bh8 19. Bxf8 Qxf8 20. hxg6 fxg6 21.
Nd4 Be5 22. Kb1 Qf7 23. Nc6 Bxc6 24. dxc6 e6 25. c7 Rc8 26. Rhf1 Bf4 27. Qxb4
Rxc7 28. c3 d5 29. Qd4 Rc4 30. Qd3 Qc7 31. Rfe1 Kf7 32. Re2 d4 33. Rc2 dxc3 34.
Rxc3 Rxc3 35. Qxc3 Qxc3 36. bxc3 Ke7 37. Kc2 h6 38. c4 Bd6 39. Kd3 Kd7 40. Rh1
Bf4 41. Ke4 e5 42. Kd5 Kc7 43. c5 Kd7 44. c6+ Kc7 45. Rb1 1-0

[Event "Hillerod Byturnering 2017 Mesterklasse"]
[Site "Hillerod"]
[Date "????.??.??"]
[Round "1"]
[White "Stald, Flemming"]
[Black "Tandrup, Michael"]
[Result "1/2-1/2"]
[WhiteElo "1926"]
[BlackElo "1906"]
[PlyCount "83"]
[EventType "tourn"]
[EventRounds "7"]
[EventCountry "DEN"]

1. d4 Nf6 2. Nf3 e6 3. Bf4 d5 4. e3 Be7 5. Bd3 Nbd7 6. O-O Nh5 7. Bg3 Nxg3 8.
hxg3 O-O 9. Nbd2 b6 10. c3 Bb7 11. Nh2 e5 12. dxe5 Nc5 13. Bc2 Ba6 14. Re1 Nd3
15. Bxd3 Bxd3 16. Nb3 Bg6 17. Qe2 c6 18. Red1 Qc7 19. Nf3 Bh5 20. Nbd4 a6 21.
a4 Rfd8 22. Rd2 Bg4 23. Rad1 c5 24. Nc2 Qc6 25. b3 g6 26. Nce1 b5 27. Ra2 Rab8
28. Rda1 b4 29. Rc1 bxc3 30. Rxc3 Qb7 31. Nc2 a5 32. Na1 d4 33. exd4 cxd4 34.
Rc4 Be6 35. Rxd4 Rdc8 36. Kh2 Bc5 37. Rd1 Qa7 38. Rd3 Bf5 39. Rd5 Be6 40. Rd3
Bf5 41. Rd5 Be6 42. Rd3 1/2-1/2

[Event "Hillerod Byturnering 2017 Mesterklasse"]
[Site "Hillerod"]
[Date "????.??.??"]
[Round "2"]
[White "Andersen, Daniel"]
[Black "Ramkilde, Mikael"]
[Result "1-0"]
[WhiteElo "1880"]
[BlackElo "1970"]
[PlyCount "63"]
[EventType "tourn"]
[EventRounds "7"]
[EventCountry "DEN"]

1. c4 Nf6 2. Nc3 g6 3. e4 d6 4. d4 Bg7 5. f3 O-O 6. Be3 a6 7. Qd2 Nbd7 8. O-O-O
b5 9. cxb5 axb5 10. Bxb5 Bb7 11. g4 c6 12. Bc4 Nb6 13. Bb3 Qc7 14. Kb1 Ba6 15.
Bh6 Bc4 16. Bxg7 Kxg7 17. Bxc4 Nxc4 18. Qd3 d5 19. g5 Nh5 20. exd5 cxd5 21.
Nxd5 Qc6 22. Nc3 Rfb8 23. b3 Qa6 24. Kc2 Rxb3 25. axb3 Na3+ 26. Kd2 Qa5 27.
Nge2 Qxg5+ 28. Qe3 Qf5 29. Qe5+ Qxe5 30. dxe5 Rd8+ 31. Kc1 Rc8 32. Kb2 1-0

[Event "Hillerod Byturnering 2017 Mesterklasse"]
[Site "Hillerod"]
[Date "????.??.??"]
[Round "2"]
[White "Kuhn, Morten"]
[Black "Steenstrup, Svend"]
[Result "0-1"]
[WhiteElo "1861"]
[BlackElo "1900"]
[PlyCount "98"]
[EventType "tourn"]
[EventRounds "7"]
[EventCountry "DEN"]

1. e4 c5 2. a3 e6 3. Nf3 d5 4. exd5 exd5 5. d4 Bg4 6. Be2 Nc6 7. Nbd2 Nf6 8. h3
Bh5 9. dxc5 Bxc5 10. b4 Ne4 11. Nxe4 dxe4 12. bxc5 exf3 13. Bxf3 Qxd1+ 14. Bxd1
Bxd1 15. Kxd1 O-O-O+ 16. Ke1 Nd4 17. Ra2 Rhe8+ 18. Be3 f5 19. g3 g5 20. Kf1 Nf3
21. Kg2 g4 22. c3 Rd3 23. Rc2 h5 24. h4 Kc7 25. Rb1 Kc6 26. a4 Red8 27. Rcc1
R8d7 28. a5 Ne5 29. c4 Ra3 30. Ra1 Rdd3 31. Bf4 Nxc4 32. Rxa3 Nxa3 33. Re1 Nb5
34. a6 bxa6 35. Be3 a5 36. Ra1 Na3 37. Rc1 a4 38. Kf1 Nb5 39. Ke2 Rb3 40. Kd2
a3 41. Ra1 a5 42. Kc2 a4 43. Rb1 a2 44. Ra1 Nc3 45. Bd4 Nb5 46. Be3 Na3+ 47.
Kd2 Nc4+ 48. Ke2 Nxe3 49. Rxa2 a3 0-1

[Event "Hillerod Byturnering 2017 Mesterklasse"]
[Site "Hillerod"]
[Date "????.??.??"]
[Round "2"]
[White "Nielsen, Kai Gylling"]
[Black "Stald, Flemming"]
[Result "0-1"]
[WhiteElo "1815"]
[BlackElo "1926"]
[PlyCount "156"]
[EventType "tourn"]
[EventRounds "7"]
[EventCountry "DEN"]

1. e4 d6 2. d4 Nf6 3. Nc3 g6 4. Nf3 Bg7 5. h3 Nc6 6. d5 Ne5 7. Be2 Nxf3+ 8.
Bxf3 Nd7 9. Bd2 c5 10. Rb1 O-O 11. O-O a6 12. a4 b6 13. Bg4 Ne5 14. Bxc8 Rxc8
15. f4 Nd7 16. Ne2 e6 17. dxe6 fxe6 18. Bc3 Nf6 19. Ng3 d5 20. e5 Ne8 21. Qe2
Nc7 22. Rbd1 a5 23. Ne4 Qd7 24. Nd6 Rb8 25. b3 Qe7 26. Be1 Ne8 27. Nb5 Bh6 28.
Qg4 Rf5 29. Bh4 Qf8 30. g3 Rb7 31. c4 d4 32. Qf3 Rbf7 33. Bf6 Nxf6 34. Nd6 Nd7
35. Nxf5 Rxf5 36. Qc6 Qe7 37. Kg2 Rf8 38. Rd3 Re8 39. Qe4 Qd8 40. h4 Qa8 41.
Qxa8 Rxa8 42. h5 Kf7 43. hxg6+ hxg6 44. Rh1 Bg7 45. Rf1 Rg8 46. g4 Ke7 47. Rh1
Nb8 48. Rdh3 Nc6 49. Kf3 Nb4 50. Ke4 d3 51. Rd1 Rd8 52. f5 Rd4+ 53. Kf3 exf5
54. gxf5 gxf5 55. Rh7 Kf8 56. Rh5 Nc6 57. Rxf5+ Ke7 58. Ke3 Nxe5 59. Rh5 Ng4+
60. Kf3 Ne5+ 61. Ke3 Ke6 62. Rh7 Bf6 63. Rb7 Bd8 64. Rh7 Rg4 65. Rh6+ Kf5 66.
Rh5+ Bg5+ 67. Kf2 Kf4 68. Rh8 Bh4+ 69. Kf1 Ke4 70. Re8 Rf4+ 71. Kg2 Kd4 72.
Rxe5 Kxe5 73. Rxd3 Rf6 74. Rd5+ Ke4 75. Rh5 Bf2 76. Rh8 Kd3 77. Rh3+ Be3 78.
Rg3 Rf2+ 0-1

[Event "Hillerod Byturnering 2017 Mesterklasse"]
[Site "Hillerod"]
[Date "????.??.??"]
[Round "2"]
[White "Tandrup, Michael"]
[Black "Christophersen, David"]
[Result "1-0"]
[WhiteElo "1906"]
[BlackElo "1778"]
[PlyCount "91"]
[EventType "tourn"]
[EventRounds "7"]
[EventCountry "DEN"]

1. Nf3 c5 2. c4 b6 3. g3 Bb7 4. Bg2 e5 5. d3 Nf6 6. Nc3 d6 7. O-O Be7 8. Bg5 h6
9. Bxf6 Bxf6 10. Ne1 Bxg2 11. Nxg2 Nc6 12. Qa4 Qd7 13. Nd5 Bd8 14. f4 f6 15. e4
Ne7 16. Qxd7+ Kxd7 17. fxe5 Nxd5 18. e6+ Kxe6 19. exd5+ Kf7 20. Nf4 a6 21. a4
g5 22. Ne6 Be7 23. Kg2 Kg6 24. Rae1 Ra7 25. Re2 Rb8 26. d4 Rab7 27. Rfe1 Kf7
28. b3 Re8 29. g4 h5 30. h3 Rh8 31. Kg3 h4+ 32. Kg2 Re8 33. Kf3 b5 34. dxc5
dxc5 35. axb5 axb5 36. Nxc5 Bxc5 37. Rxe8 bxc4 38. bxc4 Rb3+ 39. R8e3 Bxe3 40.
Rxe3 Rb4 41. Rc3 Ke7 42. Ke4 Rb1 43. Kd4 Rg1 44. Re3+ Kd7 45. c5 Rg3 46. Rxg3
1-0

[Event "Hillerod Byturnering 2017 Mesterklasse"]
[Site "Hillerod"]
[Date "????.??.??"]
[Round "3"]
[White "Christophersen, David"]
[Black "Nielsen, Kai Gylling"]
[Result "1-0"]
[WhiteElo "1778"]
[BlackElo "1815"]
[PlyCount "75"]
[EventType "tourn"]
[EventRounds "7"]
[EventCountry "DEN"]

1. c4 e5 2. g3 Nf6 3. Bg2 Nc6 4. Nc3 Bc5 5. d3 h6 6. e3 O-O 7. Nge2 a6 8. O-O
d6 9. h3 Ne7 10. d4 exd4 11. exd4 Ba7 12. Kh2 Rb8 13. Be3 c6 14. Qd2 Nf5 15.
Nf4 Nxe3 16. fxe3 Be6 17. Nxe6 fxe6 18. b4 d5 19. c5 Qc7 20. e4 dxe4 21. Nxe4
Nxe4 22. Bxe4 Rbd8 23. Qd3 Bb8 24. Rad1 h5 25. h4 Qe7 26. Kg2 e5 27. Qe2 exd4
28. Bh7+ Kxh7 29. Qxe7 Rde8 30. Rxf8 Rxe7 31. Rxb8 Rd7 32. Kf3 Kg6 33. Rd2 Kf5
34. Rf8+ Ke5 35. Rf4 g6 36. Re4+ Kf6 37. Rexd4 Re7 38. Rd7 1-0

[Event "Hillerod Byturnering 2017 Mesterklasse"]
[Site "Hillerod"]
[Date "????.??.??"]
[Round "3"]
[White "Ramkilde, Mikael"]
[Black "Tandrup, Michael"]
[Result "1-0"]
[WhiteElo "1970"]
[BlackElo "1906"]
[PlyCount "85"]
[EventType "tourn"]
[EventRounds "7"]
[EventCountry "DEN"]

1. e4 g6 2. d4 Bg7 3. Nc3 d6 4. Be3 a6 5. f4 b5 6. Bd3 Bb7 7. a3 Nd7 8. Nf3 c5
9. d5 e6 10. dxe6 fxe6 11. Ng5 Bxc3+ 12. bxc3 Qf6 13. O-O c4 14. Be2 Qe7 15.
Bg4 Nf8 16. a4 h6 17. Nf3 Nf6 18. Bh3 Bxe4 19. Bd4 N8d7 20. axb5 axb5 21. Rxa8+
Bxa8 22. Bxf6 Bxf3 23. Qxf3 Qxf6 24. Re1 e5 25. Qc6 Qe7 26. Qc8+ Qd8 27. Bxd7+
Ke7 28. Qxd8+ Rxd8 29. Bxb5 Rc8 30. fxe5 Rc5 31. exd6+ Kxd6 32. Be8 g5 33. Bh5
Ra5 34. Bg4 Ra3 35. Re6+ Kd5 36. Rxh6 Rxc3 37. Bf5 Ke5 38. Bh7 Ra3 39. Kf2 Ra7
40. g4 Kf4 41. Bf5 Ra3 42. Re6 Rf3+ 43. Ke2 1-0

[Event "Hillerod Byturnering 2017 Mesterklasse"]
[Site "Hillerod"]
[Date "????.??.??"]
[Round "3"]
[White "Stald, Flemming"]
[Black "Kuhn, Morten"]
[Result "0-1"]
[WhiteElo "1926"]
[BlackElo "1861"]
[PlyCount "78"]
[EventType "tourn"]
[EventRounds "7"]
[EventCountry "DEN"]

1. d4 Nf6 2. Nf3 e6 3. Bf4 c5 4. e3 d5 5. c3 Nc6 6. Bd3 Nh5 7. Bg3 Nxg3 8. hxg3
g6 9. Nbd2 c4 10. Bc2 f5 11. b3 cxb3 12. axb3 Bg7 13. g4 fxg4 14. Nh2 g3 15.
fxg3 Qg5 16. Nhf1 O-O 17. Nf3 Qe7 18. Nh4 Qf6 19. Qe2 e5 20. O-O-O e4 21. g4
Qg5 22. Rd2 Bxg4 23. Qb5 Ne7 24. g3 Rac8 25. c4 b6 26. Ng2 Bf3 27. Rg1 Bxg2 28.
Rdxg2 Bxd4 29. Re2 Bc3 30. Bxe4 Rc5 31. Bxd5+ Nxd5 32. Qd7 Nb4 33. Rh1 h6 34.
Reh2 Bg7 35. Qe6+ Kh8 36. Rd2 Ra5 37. Kd1 Bc3 38. Rd7 Ra1+ 39. Ke2 Re1# 0-1

[Event "Hillerod Byturnering 2017 Mesterklasse"]
[Site "Hillerod"]
[Date "????.??.??"]
[Round "4"]
[White "Kuhn, Morten"]
[Black "Andersen, Daniel"]
[Result "0-1"]
[WhiteElo "1861"]
[BlackElo "1880"]
[PlyCount "48"]
[EventType "tourn"]
[EventRounds "7"]
[EventCountry "DEN"]

1. e4 e6 2. d4 d5 3. Nd2 c5 4. Ngf3 cxd4 5. exd5 Qxd5 6. Bc4 Qd6 7. O-O Nf6 8.
Nb3 Nc6 9. Re1 Qc7 10. Nfxd4 Nxd4 11. Qxd4 Bd6 12. h3 a6 13. a4 Bd7 14. Bg5
O-O-O 15. Bd2 Bh2+ 16. Kh1 Bc6 17. Qc3 Ne4 18. Rxe4 Bxe4 19. Be3 Be5 20. Qb4
Bd5 21. Bxd5 Rxd5 22. c4 Rd3 23. Nd2 Rhd8 24. Rd1 Bf4 0-1

[Event "Hillerod Byturnering 2017 Mesterklasse"]
[Site "Hillerod"]
[Date "????.??.??"]
[Round "4"]
[White "Nielsen, Kai Gylling"]
[Black "Ramkilde, Mikael"]
[Result "1/2-1/2"]
[WhiteElo "1815"]
[BlackElo "1970"]
[PlyCount "92"]
[EventType "tourn"]
[EventRounds "7"]
[EventCountry "DEN"]

1. e4 e6 2. Nf3 d5 3. exd5 exd5 4. d4 Bd6 5. Bd3 Bg4 6. h3 Bh5 7. Qe2+ Ne7 8.
O-O Nd7 9. Nbd2 Nf6 10. Re1 O-O 11. Nf1 Nc6 12. c3 Re8 13. Be3 Ne4 14. g4 Bg6
15. Bxe4 dxe4 16. N3h2 Qh4 17. Kg2 f5 18. Qd2 h6 19. Bf4 fxg4 20. hxg4 e3 21.
fxe3 Be4+ 22. Kg1 Rf8 23. Bxd6 cxd6 24. Re2 Rf6 25. Rf2 Raf8 26. Rf4 d5 27. Re1
h5 28. Re2 hxg4 29. Qe1 Qxe1 30. Rxe1 Rxf4 31. exf4 Rxf4 32. Ng3 Bf3 33. Re8+
Kf7 34. Rc8 Kg6 35. Rc7 Rf7 36. Rxf7 Kxf7 37. Nxf3 gxf3 38. Kf2 Kg6 39. Kxf3
Kg5 40. Ne2 Kh4 41. Nf4 Ne7 42. Ng2+ Kg5 43. b3 Nf5 44. Nf4 Nh4+ 45. Kg3 Nf5+
46. Kf3 Nh4+ 1/2-1/2

[Event "Hillerod Byturnering 2017 Mesterklasse"]
[Site "Hillerod"]
[Date "????.??.??"]
[Round "4"]
[White "Stald, Flemming"]
[Black "Christophersen, David"]
[Result "1/2-1/2"]
[WhiteElo "1926"]
[BlackElo "1778"]
[PlyCount "74"]
[EventType "tourn"]
[EventRounds "7"]
[EventCountry "DEN"]

1. e4 c5 2. Nc3 g6 3. g3 Nc6 4. Bg2 Bg7 5. d3 Nf6 6. Nf3 d6 7. O-O Bg4 8. h3
Bd7 9. Be3 a6 10. a4 O-O 11. Qd2 Nb4 12. Ne2 Re8 13. c3 Nc6 14. b3 b5 15. Qc2
h5 16. axb5 axb5 17. Ra2 Qc7 18. Rfa1 Rxa2 19. Qxa2 Rb8 20. Nd2 Nh7 21. Rc1 b4
22. c4 Qc8 23. Kh2 Ra8 24. Qc2 f5 25. Nf4 Kf7 26. Qd1 Ne5 27. exf5 Bxf5 28.
Bxa8 Qxa8 29. Ne4 Nxd3 30. Nxd6+ exd6 31. Nxd3 Qe4 32. Nf4 Ng5 33. Qd5+ Qxd5
34. Nxd5 Nf3+ 35. Kg2 Be4 36. Kf1 Bd3+ 37. Kg2 Be4 1/2-1/2

[Event "Hillerod Byturnering 2017 Mesterklasse"]
[Site "Hillerod"]
[Date "????.??.??"]
[Round "4"]
[White "Tandrup, Michael"]
[Black "Steenstrup, Svend"]
[Result "1/2-1/2"]
[WhiteElo "1906"]
[BlackElo "1900"]
[PlyCount "126"]
[EventType "tourn"]
[EventRounds "7"]
[EventCountry "DEN"]

1. d4 Nf6 2. Nf3 g6 3. c4 Bg7 4. g3 d5 5. Bg2 dxc4 6. O-O c6 7. a4 Na6 8. Qc2
Be6 9. e4 Nb4 10. Qc3 a5 11. Ng5 Qc8 12. Na3 Nd3 13. Nxc4 Nxc1 14. Rfxc1 Bxc4
15. Qxc4 O-O 16. e5 Nd5 17. Bh3 e6 18. Ne4 Qd7 19. Nc5 Qe7 20. Ne4 Ra6 21. Qc5
Qd7 22. Bf1 Raa8 23. Bc4 b6 24. Qd6 Rfd8 25. Bxd5 cxd5 26. Qxd7 Rxd7 27. Nd6 f6
28. f4 g5 29. Rc6 gxf4 30. gxf4 Bh6 31. exf6 Bxf4 32. Nc8 Be3+ 33. Kh1 Bxd4 34.
Nxb6 Bxb6 35. Rxb6 Kf7 36. Re1 Re8 37. Ra6 d4 38. Rxa5 d3 39. Kg2 e5 40. Kf2 d2
41. Rd1 e4 42. Rc5 e3+ 43. Ke2 Rd4 44. Rc7+ Kxf6 45. Rc3 Rh4 46. Rxe3 Rxh2+ 47.
Kd3 Rd8+ 48. Kc2 h5 49. a5 Rf2 50. b4 Rd4 51. Kc3 Rff4 52. b5 Rd5 53. Rxd2 Rc5+
54. Kd3 Rxb5 55. Ra2 Rd5+ 56. Ke2 Rg5 57. Kd3 Rd5+ 58. Ke2 Rg5 59. Raa3 Rff5
60. Rf3 h4 61. a6 Rg2+ 62. Ke1 Rxf3 63. Rxf3+ Ke5 1/2-1/2

[Event "Hillerod Byturnering 2017 Mesterklasse"]
[Site "Hillerod"]
[Date "????.??.??"]
[Round "5"]
[White "Andersen, Daniel"]
[Black "Tandrup, Michael"]
[Result "0-1"]
[WhiteElo "1880"]
[BlackElo "1906"]
[PlyCount "140"]
[EventType "tourn"]
[EventRounds "7"]
[EventCountry "DEN"]

1. c4 Nf6 2. Nc3 g6 3. e4 d6 4. d4 Bg7 5. f3 O-O 6. Be3 c5 7. Nge2 cxd4 8. Nxd4
Nc6 9. Be2 Bd7 10. O-O Nxd4 11. Bxd4 Bc6 12. Qd2 Nd7 13. Bxg7 Kxg7 14. Nd5 a5
15. b3 Nc5 16. Bd3 Kg8 17. Nc3 Qb6 18. Kh1 a4 19. Rab1 axb3 20. axb3 Qb4 21.
Rfd1 Rfe8 22. Bc2 Ra3 23. Nd5 Qxd2 24. Rxd2 Bxd5 25. Rxd5 Rea8 26. b4 Ne6 27.
h3 Ra2 28. Bb3 R2a3 29. Rd2 Nf4 30. Kh2 Kf8 31. Kg3 g5 32. Kg4 f6 33. g3 h5+
34. Kf5 Kf7 35. e5 e6+ 36. Ke4 f5+ 37. Ke3 Nxh3 38. Rxd6 f4+ 39. gxf4 Nxf4 40.
Rd7+ Kg6 41. Rxb7 Kf5 42. Kd4 Rd8+ 43. Kc5 Nd3+ 44. Kc6 Nxe5+ 45. Kc7 Rd7+ 46.
Kc8 Ra8+ 47. Rb8 Raa7 48. Rb6 Rg7 49. Kb8 Raf7 50. Ka8 Ra7+ 51. Kb8 Rae7 52.
Ka8 Nd7 53. Bc2+ Kf6 54. Rb7 Ne5 55. Rxe7 Rxe7 56. Be4 Nxc4 57. Rc1 Nd6 58. Bc6
h4 59. b5 Nc8 60. Bb7 Nd6 61. Bc6 h3 62. b6 h2 63. b7 Nxb7 64. Bxb7 Rh7 65. Rh1
Ke5 66. Ka7 Kf4 67. Kb6 Rxb7+ 68. Kxb7 Kg3 69. Kc6 Kg2 70. Ra1 h1=Q 0-1

[Event "Hillerod Byturnering 2017 Mesterklasse"]
[Site "Hillerod"]
[Date "????.??.??"]
[Round "5"]
[White "Ramkilde, Mikael"]
[Black "Stald, Flemming"]
[Result "0-1"]
[WhiteElo "1970"]
[BlackElo "1926"]
[PlyCount "83"]
[EventType "tourn"]
[EventRounds "7"]
[EventCountry "DEN"]

1. e4 b6 2. d4 Bb7 3. Bd3 e6 4. Nf3 Nf6 5. e5 Ne4 6. Qe2 d5 7. exd6 Nxd6 8. O-O
Be7 9. Re1 O-O 10. c3 Nd7 11. Nbd2 Nf6 12. Ne5 a5 13. g4 Nd7 14. Ndf3 Re8 15.
g5 Nf8 16. h4 f6 17. Ng4 Bxf3 18. Qxf3 fxg5 19. hxg5 Bxg5 20. Re5 Nf7 21. Bxg5
Nxg5 22. Qe3 Nf7 23. Rh5 Qe7 24. f4 Nd6 25. Re1 Qf7 26. Qg3 Ng6 27. Rf1 Nf5 28.
Qh2 h6 29. Rf2 Kf8 30. Re2 Nxf4 31. Qxf4 Qxh5 32. Rh2 Qg5 33. Qxg5 hxg5 34. Rh5
Ke7 35. Rxg5 Rf8 36. Ne5 Kd6 37. Bxf5 exf5 38. Kf2 c5 39. Rxg7 cxd4 40. cxd4
Rac8 41. Rb7 Kd5 42. Ke3 0-1

[Event "Hillerod Byturnering 2017 Mesterklasse"]
[Site "Hillerod"]
[Date "????.??.??"]
[Round "5"]
[White "Steenstrup, Svend"]
[Black "Nielsen, Kai Gylling"]
[Result "1-0"]
[WhiteElo "1900"]
[BlackElo "1815"]
[PlyCount "95"]
[EventType "tourn"]
[EventRounds "7"]
[EventCountry "DEN"]

1. d4 Nf6 2. c4 e6 3. Nc3 Bb4 4. e3 b6 5. Nge2 Bb7 6. a3 Be7 7. b4 a5 8. b5 d5
9. Nf4 Bd6 10. Qf3 O-O 11. Bd2 c6 12. cxd5 cxd5 13. Bd3 Nbd7 14. O-O Qe7 15. e4
dxe4 16. Nxe4 Nxe4 17. Bxe4 Bxe4 18. Qxe4 Bxa3 19. Rfe1 Qd6 20. Nd3 Nf6 21. Qe5
Rad8 22. Bg5 Qxe5 23. Nxe5 Bb4 24. Red1 Rd5 25. Rac1 Ne4 26. Be3 Nc3 27. Rd2
Nxb5 28. Rdc2 h6 29. Nc6 Nxd4 30. Bxd4 f6 31. Bxb6 Ra8 32. Nxb4 axb4 33. Rc8+
Rxc8 34. Rxc8+ Kh7 35. Kf1 Rb5 36. Bd4 b3 37. Rc1 Kg6 38. Ke2 e5 39. Bb2 Kf5
40. Rc3 e4 41. Ke3 h5 42. Rc4 Rb6 43. Rxe4 Re6 44. Rxe6 Kxe6 45. h4 g5 46. hxg5
fxg5 47. Ke4 h4 48. f3 1-0

[Event "Hillerod Byturnering 2017 Mesterklasse"]
[Site "Hillerod"]
[Date "????.??.??"]
[Round "6"]
[White "Christophersen, David"]
[Black "Ramkilde, Mikael"]
[Result "0-1"]
[WhiteElo "1778"]
[BlackElo "1970"]
[PlyCount "66"]
[EventType "tourn"]
[EventRounds "7"]
[EventCountry "DEN"]

1. c4 e5 2. g3 Nc6 3. Bg2 Bc5 4. Nc3 d6 5. d3 f5 6. e3 Nf6 7. Nge2 O-O 8. O-O
Bb6 9. Na4 Qe8 10. Nxb6 axb6 11. f4 e4 12. dxe4 fxe4 13. b3 Bg4 14. Qd2 Nb4 15.
Qxb4 Bxe2 16. Re1 Qh5 17. Qd2 Bd3 18. h3 Qg6 19. Kf2 d5 20. cxd5 Rad8 21. Ba3
Rf7 22. d6 c5 23. Bb2 Rxd6 24. Be5 Rd5 25. Rac1 Nh5 26. g4 Rxe5 27. gxh5 Rxh5
28. Rg1 Qf6 29. Ke1 b5 30. Qc3 Qh4+ 31. Kd1 Qf2 32. Qe1 Be2+ 33. Qxe2 Rd5+ 0-1

[Event "Hillerod Byturnering 2017 Mesterklasse"]
[Site "Hillerod"]
[Date "????.??.??"]
[Round "6"]
[White "Kuhn, Morten"]
[Black "Tandrup, Michael"]
[Result "1/2-1/2"]
[WhiteElo "1861"]
[BlackElo "1906"]
[PlyCount "44"]
[EventType "tourn"]
[EventRounds "7"]
[EventCountry "DEN"]

1. e4 e6 2. d4 d5 3. Nd2 dxe4 4. Nxe4 Nd7 5. Nf3 Ngf6 6. Nxf6+ Nxf6 7. Bc4 Be7
8. O-O O-O 9. Ne5 c5 10. c3 cxd4 11. cxd4 Bd7 12. Qf3 Bc6 13. Nxc6 bxc6 14.
Qxc6 Rc8 15. Qa6 Qxd4 16. Bxe6 Rcd8 17. Bb3 Ng4 18. Qe2 Bd6 19. h3 Nf6 20. Be3
Qe5 21. g3 Bc5 22. Rfe1 Bxe3 1/2-1/2

[Event "Hillerod Byturnering 2017 Mesterklasse"]
[Site "Hillerod"]
[Date "????.??.??"]
[Round "6"]
[White "Nielsen, Kai Gylling"]
[Black "Andersen, Daniel"]
[Result "1/2-1/2"]
[WhiteElo "1815"]
[BlackElo "1880"]
[PlyCount "48"]
[EventType "tourn"]
[EventRounds "7"]
[EventCountry "DEN"]

1. e4 Nf6 2. Nc3 Nc6 3. d4 d5 4. e5 Ne4 5. Nxe4 dxe4 6. Be3 Bf5 7. Bb5 e6 8.
Ne2 Be7 9. Ng3 Bg6 10. O-O O-O 11. Bxc6 bxc6 12. Qg4 c5 13. Nxe4 cxd4 14. Rad1
c5 15. c3 Qd5 16. f3 Qxa2 17. cxd4 Qxb2 18. dxc5 Qxe5 19. Bf4 Qb2 20. Nd6 Qc3
21. Rc1 Qd4+ 22. Kh1 e5 23. Bg3 Qd5 24. Rfd1 Qc6 1/2-1/2

[Event "Hillerod Byturnering 2017 Mesterklasse"]
[Site "Hillerod"]
[Date "????.??.??"]
[Round "6"]
[White "Stald, Flemming"]
[Black "Steenstrup, Svend"]
[Result "1-0"]
[WhiteElo "1926"]
[BlackElo "1900"]
[PlyCount "105"]
[EventType "tourn"]
[EventRounds "7"]
[EventCountry "DEN"]

1. d4 Nf6 2. Nf3 g6 3. Bf4 Bg7 4. e3 b6 5. Bd3 Bb7 6. Nbd2 c5 7. c3 d6 8. h3
Nfd7 9. Be4 Nc6 10. O-O O-O 11. Re1 e5 12. Bg5 Nf6 13. dxe5 dxe5 14. Nxe5 Qc7
15. Bxc6 Bxc6 16. Nxc6 Qxc6 17. Qc2 Qd5 18. Bf4 Rad8 19. Nf3 Nh5 20. Bh2 a6 21.
Bc7 Rd7 22. Red1 Qc6 23. Rxd7 Qxd7 24. Bxb6 Qc6 25. Ba5 Rb8 26. a3 Qb5 27. b4
cxb4 28. axb4 Rc8 29. Nd4 Bxd4 30. exd4 Nf4 31. Re1 Qg5 32. g3 Nxh3+ 33. Kf1
Qf6 34. Re2 Qc6 35. Re4 Ng5 36. Re3 Nf3 37. Qd1 Ng5 38. d5 Qc4+ 39. Qd3 Qg4 40.
d6 Qd7 41. c4 Ne6 42. c5 Rc6 43. Bb6 Ng5 44. Qxa6 Qh3+ 45. Ke1 Qh1+ 46. Ke2
Qh5+ 47. Kd2 Nf3+ 48. Kc3 Qd5 49. Qd3 Qa2 50. Rxf3 Qa1+ 51. Kb3 Qe1 52. Qd5
Qb1+ 53. Ka4 1-0

[Event "Hillerod Byturnering 2017 Mesterklasse"]
[Site "Hillerod"]
[Date "????.??.??"]
[Round "7"]
[White "Andersen, Daniel"]
[Black "Stald, Flemming"]
[Result "0-1"]
[WhiteElo "1880"]
[BlackElo "1926"]
[PlyCount "64"]
[EventType "tourn"]
[EventRounds "7"]
[EventCountry "DEN"]

1. c4 c5 2. Nf3 Nf6 3. Nc3 Nc6 4. e3 d5 5. d4 cxd4 6. exd4 e6 7. c5 Be7 8. Bb5
Bd7 9. O-O O-O 10. Rb1 a6 11. Bd3 Nb4 12. Be2 b6 13. a3 Nc6 14. b4 Qc7 15. a4
bxc5 16. dxc5 Ne5 17. Be3 Nfg4 18. Nxe5 Nxe3 19. fxe3 Qxe5 20. Qd4 Bf6 21. Rxf6
gxf6 22. b5 axb5 23. Qxe5 fxe5 24. axb5 Rfc8 25. c6 Bxc6 26. bxc6 Rxc6 27. Nd1
Rc2 28. Bd3 Rd2 29. Nf2 Raa2 30. Rf1 f5 31. g3 Kg7 32. Kg2 e4 0-1

[Event "Hillerod Byturnering 2017 Mesterklasse"]
[Site "Hillerod"]
[Date "????.??.??"]
[Round "7"]
[White "Ramkilde, Mikael"]
[Black "Kuhn, Morten"]
[Result "0-1"]
[WhiteElo "1970"]
[BlackElo "1861"]
[PlyCount "40"]
[EventType "tourn"]
[EventRounds "7"]
[EventCountry "DEN"]

1. e4 e5 2. Nf3 Nc6 3. d4 exd4 4. Nxd4 Bc5 5. Nb3 Bb6 6. Nc3 Qf6 7. f3 Nge7 8.
Qe2 d6 9. Be3 Bd7 10. O-O-O Bxe3+ 11. Qxe3 O-O-O 12. Kb1 Kb8 13. Nd4 Nxd4 14.
Rxd4 Rhe8 15. Be2 Nf5 16. Rd3 Nxe3 17. Rxe3 Qg5 18. f4 Qxg2 19. Bf3 Qd2 20. Re2
Qxf4 0-1